000 01844nam0a22004691 4500
001 v19\rc\1939048
005 20251118180809.3
035 _a(NLR Aleph) 005022807
090 _a6607311
_c6607311
100 _a20080404d1912 u y0rusy50 ca
101 1 _arus
_cger
102 _aRU
105 _aa z |||||
135 _acrmn 024apada
200 1 _aТехника психологического и педагогического эксперимента
_fР. Шульце
_gПер. со 2 нем. изд. студентов Психоневрол. ин-та И. Адрианова, Г.И. Беляева, Е.Л. Израэля [и др.]
_gС предисл. проф. А.Ф. Лазурского
210 _aСанкт-Петербург
_cМ.К. Костин
_d1912
215 _aXII, 303 с.
_cил.
_d25
325 _aКопия доступна в Электрон. б-ке РНБ http://vivaldi.nlr.ru/ab000001166/view
700 1 _aШульце
_bР.
_gРудольф
702 1 _aАдрианов
_bИ.
_4730
702 1 _aБеляев
_bГ.И.
_4730
702 1 _aИзраэль
_bЕ.Л.
_4730
702 1 _aЛазурский
_bА.
_4080
801 0 _aRU
_bNLR
_gpsbo
801 0 _aRU
_bRuMoRGB
_2psbo
801 1 _aRU
_bProSoft-M
_2rusmarc
852 _aNLR
_j37.46.2.83
852 _aNLR
_j127/350
856 0 _uhttp://vivaldi.nlr.ru/ab000001166/view
856 1 _uhttp://vivaldi.nlr.ru/ab000001166/cover
856 2 _uhttp://vivaldi.nlr.ru/ab000001166/text
899 _aRuMoRGB
_jV 307/56
899 _aRuMoRGB
_jV 294/590
899 _aRuMoRGB
_jW 181/132
899 _aRuMoRGB
_jU 94/84
899 _aБАН
899 _aНБ СПбГУ
899 _aГПИБ
942 _cBOOK
980 _aNB
981 2 2 _a(22) Материалы по истории России